Cronología Relativa del Castellano

Enregistré dans:
Détails bibliographiques
Auteur principal: Pensado Ruiz, Carmen
Format: Livre
Langue:Undetermined
Publié: Salamanca, España Ediciones Universidad de Salamanca 1984
Sujets:
Tags: Ajouter un tag
Pas de tags, Soyez le premier à ajouter un tag!

MARC

LEADER 00000nam a2200000Ia 4500
008 170316s9999 xx 000 0 und d
090 |a 410 P-6c 
100 |a Pensado Ruiz, Carmen 
245 |a Cronología Relativa del Castellano 
260 |a Salamanca, España 
260 |b Ediciones Universidad de Salamanca 
260 |c 1984 
300 |a 630 páginas 
650 |a LINGÜÍSTICA 
999 |c 18676  |d 18676 
040 |a cru BVZT 
942 |c 15 D  |h 410 P-6c  |2 z